Southville International School and Colleges
Your cart is empty.
  • Cart
  • Lists
    Public lists Eva Luna New books Lux_list list_1
    Your lists Log in to create your own lists
  • Log in to your account
  • Your cookies
  • Search history
Southville International School and Colleges
  • Advanced search
  • Recent comments
  • Most popular
  • Libraries

Log in to your account

Log in with GOOGLE


If you do not have an external account, but do have a local account, you can still log in:

  1. Home
  2. MARC view: Herbs for headaches and migraines /
Normal view MARC view ISBD view

Herbs for headaches and migraines / (Record no. 10447)

[ view plain ]
MARC details
000 -LEADER
fixed length control field 00805nam a22002537a 4500
003 - CONTROL NUMBER IDENTIFIER
control field OSt
005 - DATE AND TIME OF LATEST TRANSACTION
control field 20140310182210.0
008 - FIXED-LENGTH DATA ELEMENTS--GENERAL INFORMATION
fixed length control field 130906t xxu||||| |||| 00| 0 eng d
020 ## - INTERNATIONAL STANDARD BOOK NUMBER
International Standard Book Number 0722503962
050 ## - LIBRARY OF CONGRESS CALL NUMBER
Classification number RC 392
Item number .G676 1983
082 ## - DEWEY DECIMAL CLASSIFICATION NUMBER
Classification number HS 616.849
Item number G69 1978
100 ## - MAIN ENTRY--PERSONAL NAME
Personal name Gosling, Nalda
9 (RLIN) 16731
245 ## - TITLE STATEMENT
Title Herbs for headaches and migraines /
Statement of responsibility, etc Nalda Gosling
260 ## - PUBLICATION, DISTRIBUTION, ETC. (IMPRINT)
Place of publication, distribution, etc Wellingborough, Northamptonshire :
Name of publisher, distributor, etc Thorsons,
Date of publication, distribution, etc c1983.
300 ## - PHYSICAL DESCRIPTION
Extent 64 p. :
Other physical details ill. ;
Dimensions 16 cm.
650 ## - SUBJECT ADDED ENTRY--TOPICAL TERM
Topical term or geographic name as entry element Headache.
9 (RLIN) 16732
650 ## - SUBJECT ADDED ENTRY--TOPICAL TERM
Topical term or geographic name as entry element Migraine.
9 (RLIN) 16733
650 ## - SUBJECT ADDED ENTRY--TOPICAL TERM
Topical term or geographic name as entry element Herbs
General subdivision Therapeutic use.
9 (RLIN) 16734
650 ## - SUBJECT ADDED ENTRY--TOPICAL TERM
Topical term or geographic name as entry element Headache
General subdivision Drug therapy
-- Popular works.
9 (RLIN) 16735
650 ## - SUBJECT ADDED ENTRY--TOPICAL TERM
Topical term or geographic name as entry element Migraine
General subdivision Drug therapy
-- Popular works.
9 (RLIN) 16736
650 ## - SUBJECT ADDED ENTRY--TOPICAL TERM
Topical term or geographic name as entry element Herbs
General subdivision Popular works.
9 (RLIN) 16737
942 ## - ADDED ENTRY ELEMENTS (KOHA)
Source of classification or shelving scheme Library of Congress Classification
Koha item type
Holdings
Withdrawn status Lost status Source of classification or shelving scheme Damaged status Home library Current library Shelving location Date acquired Total Checkouts Full call number Barcode Date last seen Copy number Price effective from Koha item type
    Library of Congress Classification   Luxembourg Library Luxembourg Library High School Section 09/06/2013   RC 392 .G676 1983 10127 09/06/2013 1 09/06/2013 Books

Herbs for headaches and migraines /

APA

Gosling N., . (1983). Herbs for headaches and migraines. Wellingborough, Northamptonshire: Thorsons.

Chicago

Gosling Nalda, . 1983. Herbs for headaches and migraines. Wellingborough, Northamptonshire: Thorsons.

Harvard

Gosling N., . (1983). Herbs for headaches and migraines. Wellingborough, Northamptonshire: Thorsons.

MLA

Gosling Nalda, . Herbs for headaches and migraines. Wellingborough, Northamptonshire: Thorsons. 1983.

  • Place hold
  • Print
  • Cite
  • Add to your cart (remove)
  • Save record
    BIBTEX Dublin Core MARCXML MARC (non-Unicode/MARC-8) MARC (Unicode/UTF-8) MARC (Unicode/UTF-8, Standard) MODS (XML) RIS
  • More searches
    Search for this title in:
    Other Libraries (WorldCat) Other Databases (Google Scholar) Online Stores (Bookfinder.com) Open Library (openlibrary.org)

Exporting to Dublin Core...

SOUTHVILLE LIBRARY

Southville International School and Colleges Library

1281 Tropical Ave. Cor. Luxembourg St., BF Homes International, Las Pinas City

Tel. No. 8256374 / 252358 Loc. 117/146

Powered by Koha